| 000 | 00388 a2200121 4500 | ||
|---|---|---|---|
| 001 | ART_32730 | ||
| 005 | 20260410161841.0 | ||
| 008 | 260409a | ||
| 245 | 1 | 0 | _aMás temas de derecho público de interés para las Fuerzas Armadas |
| 100 | 1 | _aTorres, Ismael F. | |
| 700 | 1 | _aFuria de Torres, Lilian Alicia G. | |
| 773 | 0 |
_tRAP _g- Año 37, Nº 442 (jul. 2015) _wREV5941 |
|
| 999 |
_c24069 _d24069 |
||